[Event "IECC CL3-2011.01 email"]
[Site "IECC email"]
[Date "2011.03.20"]
[Round "?"]
[White "Bascetta, Biagio J"]
[Black "Czernow, Marcin"]
[Result "0-1"]
[WhiteElo "1872"]
[BlackElo "1803"]
[PlyCount "62"]
[EventDate "2011.??.??"]
[EventType "tourn (corr)"]
[EventRounds "4"]
[SourceTitle "Telechess CBM 159"]
[Source "ChessBase"]
[SourceDate "2014.03.17"]
[SourceVersion "1"]
[SourceVersionDate "2014.03.17"]
[SourceQuality "1"]
[WhiteTeam "Italy"]
[BlackTeam "Poland"]
[WhiteTeamCountry "ITA"]
[BlackTeamCountry "POL"]

1. e4 c6 2. c4 d5 3. exd5 cxd5 4. d4 Nf6 5. Nc3 Nc6 6. Bg5 Be6 7. Nf3 Ne4 8. cxd5 Bxd5 9. Be3 g6 10. Nxd5 Qxd5 11. Qa4 Bg7 12. Bc4 Qd6 13. 0-0 0-0 14. Rac1 a6 15. Bd3 Nf6 16. Qb3 b5 17. Rc5 Nd7 18. Rd5 Qc7 19. Rc1 e6 20. Rg5 Qd6 21. d5 Nce5 22. Be4 Rac8 23. Rd1 Nxf3+ 24. Bxf3 e5 25. Rg3 f5 26. Rh3 Rfd8 27. g3 Nc5 28. Bxc5 Rxc5 29. Be2 e4 30. a4 Rdc8 31. axb5 Rc2 0-1

[Event "IECC CL3-2011.01 email"]
[Site "IECC email"]
[Date "2011.03.20"]
[Round "?"]
[White "Czernow, Marcin"]
[Black "Kawagoe, Toshiji"]
[Result "0-1"]
[WhiteElo "1831"]
[BlackElo "1982"]
[PlyCount "138"]
[EventDate "2011.??.??"]
[EventType "tourn (corr)"]
[EventRounds "4"]
[SourceTitle "Telechess CBM 149"]
[Source "ChessBase"]
[SourceDate "2012.07.17"]
[SourceVersion "1"]
[SourceVersionDate "2012.07.17"]
[SourceQuality "1"]
[WhiteTeam "Poland"]
[BlackTeam "Japan"]
[WhiteTeamCountry "POL"]
[BlackTeamCountry "JPN"]

1. e4 e6 2. d4 d5 3. Nc3 Bb4 4. e5 c5 5. a3 Bxc3+ 6. bxc3 Ne7 7. Qg4 cxd4 8. Qxg7 Rg8 9. Qxh7 Qc7 10. Ne2 Nbc6 11. f4 Bd7 12. Qd3 dxc3 13. Nxc3 a6 14. Ne2 Na5 15. Nd4 Nac6 16. Be3 Nxd4 17. Bxd4 Nf5 18. c3 Qa5 19. Kf2 Bb5 20. Qc2 Bc4 21. Bd3 Nxd4 22. cxd4 Rc8 23. Rhc1 b5 24. Qc3 Qb6 25. g3 Ke7 26. Bc2 Rh8 27. h4 Rcg8 28. Rh1 Rh5 29. Bd1 Rh6 30. h5 f5 31. exf6+ Rxf6 32. Bf3 a5 33. Rab1 Kf7 34. Qe3 Qd6 35. Qe5 Ke7 36. Qxd6+ Kxd6 37. Rb2 Ke7 38. Rh3 Rc8 39. Rh4 Rff8 40. h6 b4 41. axb4 a4 42. Rb1 a3 43. h7 a2 44. Ra1 Kf7 45. Rh6 Ra8 46. Be2 Bxe2 47. Kxe2 Kg7 48. Rxe6 Kxh7 49. b5 Rfb8 50. Ra6 Rxa6 51. bxa6 Rb2+ 52. Kf3 Rb3+ 53. Kg4 Ra3 54. Kf5 Rxa6 55. Ke5 Kg6 56. g4 Ra7 57. Kxd5 Kf6 58. Kd6 Ra6+ 59. Kc5 Ra4 60. d5 Ra5+ 61. Kc6 Ra6+ 62. Kb5 Ra8 63. g5+ Kf5 64. d6 Ke6 65. Kc5 Ra5+ 66. Kb4 Ra6 67. Kb3 Rxd6 68. Rxa2 Kf5 69. Ra4 Re6 0-1

[Event "IECC Swiss email"]
[Site "IECC email"]
[Date "2000.12.13"]
[Round "?"]
[White "Ventimiglia, Charles"]
[Black "Czernow, Marcin"]
[Result "1-0"]
[WhiteElo "2011"]
[BlackElo "1793"]
[PlyCount "59"]
[EventDate "2000.??.??"]
[EventType "tourn (corr)"]
[EventRounds "6"]
[SourceTitle "Corr 2008"]
[Source "ChessBase"]
[SourceDate "2008.06.24"]
[SourceVersion "1"]
[SourceVersionDate "2008.06.24"]
[SourceQuality "1"]

1. d4 e6 2. e4 d5 3. Nc3 Bb4 4. e5 c5 5. a3 Ba5 6. Qg4 Ne7 7. dxc5 Bxc3+ 8. bxc3 Qa5 9. Bd2 Ng6 10. h4 h5 11. Qg5 Nd7 12. c4 Qa4 13. cxd5 Qe4+ 14. Ne2 Qxd5 15. f4 Nxc5 16. Nc3 Qd4 17. Rb1 Ne4 18. Nxe4 Qxe4+ 19. Kd1 0-0 20. Bd3 Qd5 21. Rb5 Qd7 22. g4 b6 23. gxh5 Ba6 24. Rb3 Qb7 25. Rg1 Bxd3 26. Rxd3 Rac8 27. hxg6 a5 28. Qh5 fxg6 29. Qxg6 Rce8 30. h5 1-0

[Event "IECC CL3-2000.24"]
[Site "IECC email"]
[Date "2000.04.21"]
[Round "?"]
[White "Czernow, Marcin"]
[Black "Lacey, Edward"]
[Result "1/2-1/2"]
[WhiteElo "1800"]
[BlackElo "1824"]
[PlyCount "48"]
[EventDate "2000.??.??"]
[EventType "tourn (corr)"]
[EventRounds "4"]
[SourceTitle "Corr 2008"]
[Source "ChessBase"]
[SourceDate "2008.06.24"]
[SourceVersion "1"]
[SourceVersionDate "2008.06.24"]
[SourceQuality "1"]

1. e4 c5 2. Nf3 d6 3. d4 cxd4 4. Nxd4 Nf6 5. Nc3 g6 6. Be3 Bg7 7. f3 0-0 8. Qd2 Nc6 9. Bc4 Bd7 10. 0-0-0 Rc8 11. Bb3 Ne5 12. g4 Nc4 13. Bxc4 Rxc4 14. Kb1 Qa5 15. g5 Nh5 16. Nd5 Qd8 17. Ne2 a5 18. Bb6 Qe8 19. b3 Rc6 20. Qxa5 Be5 21. Qa7 e6 22. Nb4 Rc8 23. Nd3 Ra8 24. Qxb7 Bc6 1/2-1/2